Provinces de Cuba - Statistiques

Statistiques générales
  • Ce quiz a été pris 62 fois
  • Le résultat moyen est 9 sur 16
Réponses sur la Carte
Les réponses sont colorées sur une échelle allant du rouge au vert en fonction du pourcentage des utilisateurs qui les ont devinées à leur premier essai. Vous pouvez retrouver ces pourcentages ci-dessous.
 
Statistiques - réponses
Réponse % Correct
Ciudad de la Habana
100%
Camagüey
73%
Guantánamo
73%
Pinar del Río
73%
Santiago de Cuba
73%
Isla de la Juventud
64%
Cienfuegos
55%
Holguín
55%
Artemisa
45%
Granma
45%
Matanzas
45%
Las Tunas
36%
Mayabeque
36%
Sancti Spíritus
36%
Ciego de Ávila
27%
Villa Clara
27%
Aucun quiz correspondant
Distribution des résultats
% des personnes avec chaque résultat
Percentile par nombre de réponses
Votre historique - résultats
Vous n’avez pas pris ce quiz